Football : Les équipes de ligue 1 2023-2024 - Statistiques

Statistiques générales
  • Ce quiz a été pris 707 fois
  • Le résultat moyen est 16 sur 18
Statistiques - réponses
Réponse % Correct
PSG
100%
Olympique de Marseille
99%
Olympique Lyonnais
98%
LOSC
96%
Stade Rennais
94%
FC Nantes
93%
OGC Nice
93%
Stade Brestois
93%
As Monaco
92%
RC Lens
92%
Toulouse FC
91%
RC Strasbourg
90%
Montpellier
89%
FC Lorient
83%
Clermont Foot
81%
FC Metz
81%
Stade de Reims
81%
Le Havre
79%
Aucun quiz correspondant
Distribution des résultats
% des personnes avec chaque résultat
Percentile par nombre de réponses
Votre historique - résultats
Vous n’avez pas pris ce quiz